The Bippolo Seed and other lost stories / (Record no. 189)
[ view plain ]
| 000 -LEADER | |
|---|---|
| fixed length control field | 01346nam a22003737a 4500 |
| 001 - CONTROL NUMBER | |
| control field | 189 |
| 003 - CONTROL NUMBER IDENTIFIER | |
| control field | FISKH |
| 005 - DATE AND TIME OF LATEST TRANSACTION | |
| control field | 20230303095357.0 |
| 008 - FIXED-LENGTH DATA ELEMENTS--GENERAL INFORMATION | |
| fixed length control field | 230303b cb ||||| |||| 00| 0 eng d |
| 010 ## - LIBRARY OF CONGRESS CONTROL NUMBER | |
| LC control number | 2009052588 |
| 020 ## - INTERNATIONAL STANDARD BOOK NUMBER | |
| International Standard Book Number | 9780375864353 (trade hardcover) |
| 020 ## - INTERNATIONAL STANDARD BOOK NUMBER | |
| International Standard Book Number | 9780375964350 (lib. ed.) |
| 040 ## - CATALOGING SOURCE | |
| Original cataloging agency | DLC |
| Transcribing agency | DLC |
| Modifying agency | DLC |
| -- | FISKH |
| Language of cataloging | eng |
| 042 ## - AUTHENTICATION CODE | |
| Authentication code | lcac |
| 050 00 - LIBRARY OF CONGRESS CALL NUMBER | |
| Classification number | PZ8.3.G276 |
| Item number | Bhp 2011 |
| 082 00 - DEWEY DECIMAL CLASSIFICATION NUMBER | |
| Classification number | 813.54 |
| Edition number | 22 |
| 100 1# - MAIN ENTRY--PERSONAL NAME | |
| Personal name | Geisel, Theodor Seuss |
| Titles and words associated with a name | Dr. |
| 245 14 - TITLE STATEMENT | |
| Title | The Bippolo Seed and other lost stories / |
| Statement of responsibility, etc. | by Dr. Seuss ; introduction by Charles D. Cohen. |
| 250 ## - EDITION STATEMENT | |
| Edition statement | 1st ed. |
| 260 ## - PUBLICATION, DISTRIBUTION, ETC. | |
| Place of publication, distribution, etc. | New York |
| Name of publisher, distributor, etc. | Random House |
| Date of publication, distribution, etc. | 2011. |
| 300 ## - PHYSICAL DESCRIPTION | |
| Extent | 69 p. : |
| Other physical details | col. ill. ; |
| Dimensions | 29 cm. |
| 505 0# - FORMATTED CONTENTS NOTE | |
| Formatted contents note | M |
| 505 0# - FORMATTED CONTENTS NOTE | |
| Formatted contents note | The Bippolo Seed -- The rabbit, the bear, and the Zinniga-Zanniga -- Gustav the Goldfish -- Tadd and Todd -- Steak for supper -- The strange shirt spot -- The great Henry McBride. |
| 520 ## - SUMMARY, ETC. | |
| Summary, etc. | Presents seven Dr. Seuss stories first published in magazines between 1948 and 1959, with an introduction and commentary on each. |
| 521 8# - TARGET AUDIENCE NOTE | |
| Target audience note | 590 <br/> |
| Source | Lexile |
| 521 8# - TARGET AUDIENCE NOTE | |
| Target audience note | H |
| Source | Raz-Plus |
| 521 8# - TARGET AUDIENCE NOTE | |
| Target audience note | AD |
| 650 #0 - SUBJECT ADDED ENTRY--TOPICAL TERM | |
| Topical term or geographic name entry element | Children's stories, American. |
| 650 #1 - SUBJECT ADDED ENTRY--TOPICAL TERM | |
| Topical term or geographic name entry element | Stories in rhyme. |
| 650 #1 - SUBJECT ADDED ENTRY--TOPICAL TERM | |
| Topical term or geographic name entry element | Short stories. |
| 700 1# - ADDED ENTRY--PERSONAL NAME | |
| Personal name | Cohen, Charles D. |
| 906 ## - LOCAL DATA ELEMENT F, LDF (RLIN) | |
| a | 7 |
| b | cbc |
| c | orignew |
| d | 1 |
| e | ecip |
| f | 20 |
| g | y-gencatlg |
| 942 ## - ADDED ENTRY ELEMENTS (KOHA) | |
| Source of classification or shelving scheme | Dewey Decimal Classification |
| Koha item type | Books |
| Suppress in OPAC | No |
| Withdrawn status | Lost status | Source of classification or shelving scheme | Damaged status | Not for loan | Collection | Home library | Current library | Shelving location | Date acquired | Total Checkouts | Full call number | Barcode | Date last seen | Date last checked out | Price effective from | Koha item type |
|---|---|---|---|---|---|---|---|---|---|---|---|---|---|---|---|---|
| Dewey Decimal Classification | Juvenile Fiction | Footprints International School Library Network Toul Kork Campus | Footprints International School Library Network Toul Kork Campus | TK Primary Library Room(4th Floor), Bookcase 3&4, Shelves 17-32, Yellow Books | 03/03/2023 | 3 | GEI PZ8.G276 813.54 | FISTK01445 | 07/18/2025 | 07/15/2025 | 03/03/2023 | Books |
